000
00298nam a2200109Ia 4500
008
230907s9999||||xx |||||||||||||| ||und||
082
_a
621.3
_b
INT
100
_a
Krause, Paul C.,
_9
115302
245
0
_a
Introduction to electric power and drive systems /
300
_a
xiii, 234 pages ;
942
_c
BK
999
_c
600548
_d
600548